| 000 | 00643cam a2200181 a 4500 | ||
|---|---|---|---|
| 082 | 0 | 0 |
_a652.5 _bWOR |
| 245 | 0 | 0 |
_aWordPerfect for DOS : _bworkbook for IBM personal computers and PC networks. |
| 260 |
_aOrem, Utah, U.S.A. (1555 N. Technology Way, Orem 84057) : _bWordPerfect Corp., _cc1989. |
||
| 300 |
_a482 p. : _bcol. ill. ; _c23 cm. |
||
| 500 | _aIncludes index. | ||
| 500 | _aSpine title: WordPerfect. | ||
| 526 |
_a0 _b0 _c0 _d652_500000000000000_WOR |
||
| 650 | 0 |
_aIBM Personal Computer _xProgramming. _936814 |
|
| 650 | 0 |
_aMCE _9379 |
|
| 650 | 0 |
_aWord processing. _936793 |
|
| 710 | 2 |
_aWordPerfect Corporation. _944450 |
|
| 942 |
_2ddc _cBK |
||
| 999 |
_c548236 _d548236 |
||